Iacocca : (Record no. 1421)

MARC details
000 -LEADER
fixed length control field 00858cam a2200265 a 4500
005 - DATE AND TIME OF LATEST TRANSACTION
control field 20260322212059.0
008 - FIXED-LENGTH DATA ELEMENTS--GENERAL INFORMATION
fixed length control field data
010 ## - LIBRARY OF CONGRESS CONTROL NUMBER
LC control number 84045174
020 ## - INTERNATIONAL STANDARD BOOK NUMBER
International Standard Book Number 0553050672 :
Terms of availability {dollar}19.95 ({dollar}17.95 U.S.)
020 ## - INTERNATIONAL STANDARD BOOK NUMBER
International Standard Book Number 9780553050677 :
Terms of availability {dollar}19.95 ({dollar}17.95 U.S.)
040 ## - CATALOGING SOURCE
Original cataloging agency DLC
Transcribing agency DLC
Modifying agency DLC
043 ## - GEOGRAPHIC AREA CODE
Geographic area code n-us---
050 00 - LIBRARY OF CONGRESS CALL NUMBER
Classification number HD9710.U52
Item number I25 1984
082 00 - DEWEY DECIMAL CLASSIFICATION NUMBER
Classification number B
-- B
Edition information 19
001 - CONTROL NUMBER
control field data
100 1# - MAIN ENTRY--PERSONAL NAME
Personal name Iacocca, Lee A.
245 10 - TITLE STATEMENT
Title Iacocca :
Remainder of title an autobiography /
Statement of responsibility, etc. Lee A. Iacocca & William Novak.
260 ## - PUBLICATION, DISTRIBUTION, ETC.
Place of publication, distribution, etc. New York :
-- New York :
Name of publisher, distributor, etc. Bantam Books,
Date of publication, distribution, etc. c1984.
300 ## - PHYSICAL DESCRIPTION
Extent xv, 352 p., [16] p. of plates :
Other physical details ill. ;
Dimensions 24 cm.
500 ## - GENERAL NOTE
General note Includes index.
600 10 - SUBJECT ADDED ENTRY--PERSONAL NAME
Personal name Iacocca, Lee A.
650 #0 - SUBJECT ADDED ENTRY--TOPICAL TERM
Topical term or geographic name entry element Automobile industry and trade
Geographic subdivision United States
General subdivision Biography.
650 #0 - SUBJECT ADDED ENTRY--TOPICAL TERM
Topical term or geographic name entry element Businesspeople
Geographic subdivision United States
General subdivision Biography.
700 1# - ADDED ENTRY--PERSONAL NAME
Personal name Novak, William.
Holdings
Withdrawn status Lost status Damaged status Not for loan Home library Current library Shelving location Date acquired Total checkouts Full call number Barcode Date last seen Price effective from Koha item type
        Springfield Springfield General stacks 22/03/2026   338.7/6292/0924 B 19 BC0011468 22/03/2026 22/03/2026 Books